LEADER 00979nam a2200253 i 4500 001 000000249906 003 CaOOAMICUS 005 20160704000000.0 008 160704s1965 it u000 u ita u 013 $a228811 040 $aSeMil$bita 100 1 $aBorea, Evelina.$0(OLS)http://semarc/name/30776 245 10$aDomenichino /$cEvelina Borea. 260 $aMilano :$bClub del Libro,$c1965. 300 $a368 p., [4] c. di tav. :$bill. ;$c25 cm. 490 0 $aCollana d'arte del Club del Libro ;$v12. 500 $aIn custodia. 650 4$aDomenichino <1581-1641>.$0(OLS)http://semarc/subject/21023 830 0$aCollana d'arte del Club del Libro ;$v12.$0(OLS)http://semarc/title/19950 850 $aSeMil 852 $aSeMil$W1$xVenegono$y1$m5I VI 163$j200252$B200252$CSeMilBibl$Z2$F213400 $81 961 $aOmaggio: Sagramoso Guido 996 $6245$aDomenichino$9(OLS)http://semarc/title/52587 996 $6260$aMilano :$bClub del Libro$9(OLS)http://semarc/publisher/34066 LEADER 01036nam a2200265 i 4500 001 000000039677 003 CaOOAMICUS 005 20060831000000.0 008 060831s1991 it u000 u ita u 013 $a10833 020 $a88-399-1694-6 040 $aSeMil$bita 100 1 $aCavalletti, Sofia,$d<1917-2011>.$0(OLS)http://semarc/name/19290 245 13$aIl giudaismo intertestamentario /$cSofia Cavalletti. 260 $aBrescia :$bQueriniana,$c1991. 300 $a110 p. ;$c21 cm. 490 0 $aLeggere oggi la Bibbia ;$v3.14 650 4$aGiudaismo.$0(OLS)http://semarc/subject/2880 830 0$aLeggere oggi la Bibbia ;$v3.14.$0(OLS)http://semarc/title/15 850 $aSeMil 852 $aSeMil$W1$xVenegono$y1$m2W VII 75$j5832$B5832$CSeMilBibl$Z2$F5832 $81 961 $aOmaggio: Scuola Cattolica 996 $6020$a88-399-1694-6$9(OLS)http://semarc/number/9457 996 $6245$aIl giudaismo intertestamentario$9(OLS)http://semarc/title/56638 996 $6260$aBrescia :$bQueriniana$9(OLS)http://semarc/publisher/29615